| 000 | 00827 a2200241 4500 | ||
|---|---|---|---|
| 005 | 20180216084346.0 | ||
| 008 | 180216s2017 enk||||| |||| 00| 0 eng d | ||
| 020 | _a9780194403559 | ||
| 040 |
_aCO-BoUCM _bspa _cSaul Niño _dSaul Niño |
||
| 041 | 0 | _aeng | |
| 100 | 1 | 0 |
_aWebb, Stuart _991405 |
| 245 | 1 | 0 |
_aHow vocabulary is learned _cStuart Webb and Paul Nation |
| 260 |
_bOxford _aOxford University Press _c2017 |
||
| 300 | _axii, 322 páginas | ||
| 490 | 0 | _aOxford Handbooks for language teacher | |
| 650 | 7 |
_926352 _aVocabulario _xInglés |
|
| 650 | 7 |
_9439 _aLingüística aplicada |
|
| 650 | 7 |
_aInglés _xEnseñanza _985473 |
|
| 650 | 7 |
_919449 _aMétodos de enseñanza _xInglés |
|
| 700 | 1 | 0 |
_aNation, Paul _991406 |
| 942 |
_cLIBRORESER _2DEWEY _a12 _e1 _h428.0071 _mW365h |
||
| 999 |
_c309116 _d309116 |
||